000
00227 a2200097 4500
001
51109
100
_a
Benjumin L
245
_a
Excel in Macros-Complete Book of
260
_a
California
_b
McGraw-Hill
_c
090
_c
32369
_d
32369
942
_a
NUST-CAE
_c
M
_c
24857
999
_c
286182
_d
286182